000 00908nam a2200265Ia 4500
003 OSt
005 20220928123956.0
006 a|||||r|||| 00| 0
007 ta
008 220927b |||||||| |||| 00| 0 eng d
020 _cUKP 95.00
024 _a69081
037 _b52727, 07/11/2017, Segment Book Distributors
_cTextual
040 _aSDCL
_cSDCL
_beng
041 _2eng
_aeng
082 _aX:328, Q7
100 _aHam Maarten Van Ed.
_9462870
245 0 _aEntrepreneurial neighbourhoods
_b Towards an understanding of the economies of neighbourhoods and communities
260 _aCheltenham
_bEdward Elgar
_c2017
300 _axv,317p.
_ccm.
650 _aBusiness Economics
_9391653
700 _a Reuschke Darja Ed.
_9462871
942 _hX:328, Q7
_cTEXL
_2CC
999 _c775838
_d775838